[Event "4NCL/Div2/BRI2 vs. SLOS1"]
[Site "West Bromwich ENG"]
[Date "2005.04.10"]
[Round "8.4"]
[White "Rees, Ioan"]
[Black "Easton, Alex"]
[Result "1-0"]
[WhiteElo "2218"]
[BlackElo "2103"]
[PlyCount "71"]
[EventDate "2005.04.10"]
[SourceDate "2004.09.21"]

1. d4 Nf6 2. c4 g6 3. Nc3 d5 4. cxd5 Nxd5 5. e4 Nxc3 6. bxc3 Bg7 7. Nf3 c5 8.
Rb1 O-O 9. Be2 cxd4 10. cxd4 Qa5+ 11. Bd2 Qxa2 12. O-O Bg4 13. Bg5 h6 14. Be3
Nc6 15. d5 Ne5 16. Re1 Bxf3 17. gxf3 b6 18. f4 Nc4 19. Bd4 Rac8 20. Bxg7 Kxg7
21. Rb4 Na5 22. f5 Qc2 23. Qd4+ Kh7 24. f6 exf6 25. Qxf6 Qd2 26. Rbb1 Qg5+ 27.
Qxg5 hxg5 28. Ba6 Rc5 29. Rbc1 Nb3 30. Rxc5 Nxc5 31. Bb5 Rd8 32. Bc6 f6 33. e5
Nd3 34. e6 Nxe1 35. e7 Rb8 36. d6 1-0

[Event "4NCL/Div2/BRI2 vs. SLOS1"]
[Site "West Bromwich ENG"]
[Date "2005.04.10"]
[Round "8.5"]
[White "Fish, Jonathan M"]
[Black "Weber, Tom"]
[Result "0-1"]
[WhiteElo "2022"]
[BlackElo "2211"]
[PlyCount "62"]
[EventDate "2005.04.10"]
[SourceDate "2004.09.21"]

1. Nf3 g6 2. e4 c5 3. Nc3 Bg7 4. d3 Nc6 5. g3 d6 6. Bg2 e5 7. O-O Nge7 8. Nd2
O-O 9. Nc4 Be6 10. Be3 Nd4 11. a4 Qd7 12. Nd5 f6 13. a5 Nxd5 14. exd5 Bf7 15.
Nd2 Nf5 16. c4 Nxe3 17. fxe3 f5 18. Rb1 Bh6 19. Re1 g5 20. b4 b6 21. bxc5 bxc5
22. Qb3 Qd8 23. Qb5 Rc8 24. Qa6 g4 25. Rb5 Rc7 26. Nb1 f4 27. exf4 exf4 28. Nc3
f3 29. Bf1 f2+ 30. Kxf2 Bxd5+ 31. Kg1 Qf6 0-1

[Event "4NCL/Div2/BRI2 vs. SLOS1"]
[Site "West Bromwich ENG"]
[Date "2005.04.10"]
[Round "8.6"]
[White "Talbot, Andrew"]
[Black "Humphreys, Jerry"]
[Result "1/2-1/2"]
[WhiteElo "2179"]
[BlackElo "2100"]
[PlyCount "134"]
[EventDate "2005.04.10"]
[SourceDate "2004.09.21"]

1. d4 Nf6 2. c4 g6 3. Nc3 d5 4. Nf3 Bg7 5. Qb3 dxc4 6. Qxc4 O-O 7. e4 Nbd7 8.
Bf4 c6 9. Rd1 Nb6 10. Qc5 Nh5 11. Bg5 Re8 12. e5 h6 13. Be3 Bf8 14. d5 cxd5 15.
Qa5 Bg4 16. Bb5 Nc4 17. Qb4 e6 18. Qb3 Nxe3 19. fxe3 Bxf3 20. gxf3 Qh4+ 21. Ke2
Rec8 22. Rdg1 Qb4 23. Rg4 Qxb3 24. axb3 Ng7 25. Bd3 h5 26. Ra4 a6 27. Rha1 Rab8
28. b4 Nf5 29. Bxf5 gxf5 30. Rg1+ Kh7 31. b5 axb5 32. Rh4 Bh6 33. Rxh5 Rg8 34.
Rxg8 Rxg8 35. Nxb5 Rg2+ 36. Kd3 Kg6 37. Rh4 Rxb2 38. Nd4 Ra2 39. f4 Ra3+ 40.
Kd2 Ra2+ 41. Kc3 Bf8 42. Rh3 Be7 43. Rg3+ Kh7 44. Rg1 Ra3+ 45. Nb3 b5 46. Kb2
Ra4 47. Kc3 Bb4+ 48. Kb2 Ba3+ 49. Kc2 Rc4+ 50. Kd3 Bb2 51. Nd2 Rc3+ 52. Ke2 Rc1
53. Rg3 b4 54. Rh3+ Kg8 55. Rg3+ Kf8 56. Kd3 Rc3+ 57. Ke2 Ba3 58. Rg1 b3 59.
Rb1 b2 60. Re1 Rc1 61. Nb1 Bb4 62. Rd1 Rc2+ 63. Kd3 Rxh2 64. Nc3 Ke7 65. Rb1
Kd7 66. Ne2 Ba3 67. Nd4 Bb4 1/2-1/2

[Event "4NCL/Div2/BRI2 vs. SLOS1"]
[Site "West Bromwich ENG"]
[Date "2005.04.10"]
[Round "8.7"]
[White "Boyce, G Michael"]
[Black "Richmond, Robert J"]
[Result "0-1"]
[WhiteElo "2058"]
[BlackElo "2257"]
[PlyCount "96"]
[EventDate "2005.04.10"]
[SourceDate "2004.09.21"]

1. Nf3 f5 2. d4 Nf6 3. g3 g6 4. Bg2 Bg7 5. O-O O-O 6. c4 d6 7. Nc3 Qe8 8. d5
Na6 9. Nd4 Bd7 10. Rb1 c6 11. e3 Nc7 12. Qe2 c5 13. Ne6 Nxe6 14. dxe6 Bxe6 15.
Bxb7 Rb8 16. Bg2 Qf7 17. b3 Nd7 18. Nd5 Nb6 19. Nxb6 Rxb6 20. Bb2 Bxb2 21. Rxb2
Rfb8 22. Rc1 a5 23. Rc3 a4 24. Qd2 Qf6 25. Bd5 Bxd5 26. Qxd5+ Kg7 27. Qd3 Qe5
28. Rcc2 Kf6 29. f4 Qe6 30. Qc3+ Kf7 31. Kf2 axb3 32. axb3 Qe4 33. Rc1 Ra6 34.
Qc2 Qxc2+ 35. Rcxc2 Ra3 36. Rc3 Ra1 37. Rd3 Rc1 38. Ra2 Rb1 39. Ra3 Rb2+ 40.
Kg1 Kf6 41. h3 h6 42. Kh1 g5 43. Kg1 h5 44. fxg5+ Kxg5 45. Ra7 Kf6 46. Ra3 Rg8
47. e4 fxe4 48. Re3 Ke5 0-1

[Event "4NCL/Div2/BRI2 vs. SLOS1"]
[Site "West Bromwich ENG"]
[Date "2005.04.10"]
[Round "8.8"]
[White "Barraclough, Stephanie"]
[Black "Mihajlova, Diana"]
[Result "1-0"]
[WhiteElo "1922"]
[BlackElo "1850"]
[PlyCount "31"]
[EventDate "2005.04.10"]
[SourceDate "2004.09.21"]

1. e4 e5 2. f4 exf4 3. Nf3 Nf6 4. e5 Qe7 5. Be2 Ng4 6. d4 Ne3 7. Bxe3 fxe3 8.
Nc3 Qb4 9. O-O Qxb2 10. Nd5 Kd8 11. Ng5 Rg8 12. Nxf7+ Ke8 13. Nxc7+ Ke7 14. d5
d6 15. exd6+ Kd7 16. Bg4# 1-0

[Event "4NCL/Div2/SLOS1 vs. KHE"]
[Site "West Bromwich ENG"]
[Date "2005.04.30"]
[Round "9.1"]
[White "Pert, Nicholas"]
[Black "McMichael, Richard"]
[Result "1-0"]
[WhiteElo "2498"]
[BlackElo "2272"]
[PlyCount "81"]
[EventDate "2005.04.30"]
[SourceDate "2004.09.21"]

1. d4 e6 2. e4 d5 3. Nd2 dxe4 4. Nxe4 Bd7 5. Nf3 Bc6 6. Bd3 Nd7 7. O-O Ngf6 8.
Ng3 Be7 9. b3 h5 10. h4 Ng4 11. Ng5 Ndf6 12. c3 Qd6 13. Qe1 O-O 14. f3 Nh6 15.
Nh3 Kh8 16. Bf4 Qd7 17. Bxh6 gxh6 18. Qe3 Ng8 19. Nxh5 Bxh4 20. Qe5+ f6 21.
N3f4 Ne7 22. Qxe6 Qxe6 23. Nxe6 Rg8 24. Be4 Bd7 25. Nc5 Bb5 26. Rfd1 Rae8 27.
a4 Bc6 28. d5 b6 29. dxc6 bxc5 30. f4 Nc8 31. Bd5 Rg4 32. Bf3 Rgg8 33. Bd5 Rg4
34. Bf3 Rgg8 35. Rd7 Re3 36. Bd5 Rge8 37. Rxc7 Nd6 38. Rd7 Nf5 39. c7 Ne7 40.
Rd8 Nxd5 41. c8=Q 1-0

[Event "4NCL/Div2/SLOS1 vs. KHE"]
[Site "West Bromwich ENG"]
[Date "2005.04.30"]
[Round "9.2"]
[White "Thomas, Richard H"]
[Black "Gwaze, Robert"]
[Result "1/2-1/2"]
[WhiteElo "2232"]
[BlackElo "2409"]
[PlyCount "78"]
[EventDate "2005.04.30"]
[SourceDate "2004.09.21"]

1. d4 Nf6 2. c4 e6 3. g3 d5 4. Bg2 Be7 5. Nf3 O-O 6. O-O b6 7. Qc2 Ba6 8. b3 c6
9. Nbd2 c5 10. Bb2 Nc6 11. Rfd1 Rc8 12. Rac1 cxd4 13. Nxd4 Nxd4 14. Bxd4 b5 15.
Qb1 bxc4 16. bxc4 Ba3 17. Rc3 Bc5 18. Bxc5 Rxc5 19. Ra3 Bxc4 20. Nxc4 Rxc4 21.
Rxa7 Qc8 22. Rb7 Nd7 23. e3 Ne5 24. Bf1 Rc3 25. Rb3 Rc7 26. e4 d4 27. Rb4 Rd8
28. h3 Rc2 29. Rb2 Rc3 30. Rb3 h5 31. h4 d3 32. Qb2 Rxb3 33. axb3 f6 34. f4 Ng4
35. Rxd3 Qc5+ 36. Kg2 Rb8 37. Qd2 Kh7 38. Rc3 Qb4 39. Be2 Qxe4+ 1/2-1/2

[Event "4NCL/Div2/SLOS1 vs. KHE"]
[Site "West Bromwich ENG"]
[Date "2005.04.30"]
[Round "9.3"]
[White "Aagaard, Jacob"]
[Black "Kwiatkowski, Feliks J"]
[Result "1/2-1/2"]
[WhiteElo "2451"]
[BlackElo "2229"]
[PlyCount "53"]
[EventDate "2005.04.30"]
[SourceDate "2004.09.21"]

1. e4 c5 2. Nf3 Nc6 3. d4 cxd4 4. Nxd4 Nf6 5. Nc3 e5 6. Ndb5 d6 7. Bg5 a6 8.
Na3 b5 9. Bxf6 gxf6 10. Nd5 f5 11. c3 Bg7 12. exf5 Bxf5 13. Nc2 O-O 14. Nce3
Be6 15. Bd3 f5 16. O-O Ra7 17. a4 Ne7 18. Nxe7+ Rxe7 19. axb5 axb5 20. Bxf5
Rxf5 21. Nxf5 Bxf5 22. Qf3 Bc8 23. Ra8 e4 24. Qe2 Qd7 25. Rd1 Qc6 26. Rb8 Rb7
27. Ra8 1/2-1/2

[Event "4NCL/Div2/SLOS1 vs. KHE"]
[Site "West Bromwich ENG"]
[Date "2005.04.30"]
[Round "9.4"]
[White "Sandu, Mihaela"]
[Black "Jones, Gawain C B"]
[Result "0-1"]
[WhiteElo "2148"]
[BlackElo "2439"]
[PlyCount "64"]
[EventDate "2005.04.30"]
[SourceDate "2004.09.21"]

1. e4 c5 2. Nc3 Nc6 3. g3 g6 4. Bg2 Bg7 5. d3 Rb8 6. Be3 d6 7. Qd2 b5 8. Nf3
Nd4 9. h3 b4 10. Nd1 Qa5 11. g4 h5 12. g5 Qa4 13. Bxd4 cxd4 14. Nh4 e6 15. f4
Ne7 16. O-O O-O 17. Nf2 Bd7 18. Nh1 Rfc8 19. b3 Qa3 20. Ng3 Qb2 21. Rac1 Rb5
22. f5 exf5 23. exf5 Bxf5 24. Nhxf5 Nxf5 25. Nxf5 Rxf5 26. Rxf5 gxf5 27. Bd5
Rc5 28. Bf3 h4 29. Bh5 Re5 30. g6 fxg6 31. Bxg6 Re3 32. Bxf5 Bh6 0-1

[Event "4NCL/Div2/SLOS1 vs. KHE"]
[Site "West Bromwich ENG"]
[Date "2005.04.30"]
[Round "9.5"]
[White "Gourlay, Iain"]
[Black "O'Shaughnessy, Conor"]
[Result "1/2-1/2"]
[WhiteElo "2316"]
[BlackElo "2189"]
[PlyCount "48"]
[EventDate "2005.04.30"]
[SourceDate "2004.09.21"]

1. Nf3 Nf6 2. g3 b6 3. Bg2 Bb7 4. c4 c5 5. O-O e6 6. b3 d6 7. Nc3 Nbd7 8. d4
cxd4 9. Qxd4 a6 10. Bb2 Qc7 11. Nd2 Bxg2 12. Kxg2 Be7 13. Rfd1 O-O 14. Nde4
Rfd8 15. Rac1 Nc5 16. f3 Qb7 17. Nxf6+ Bxf6 18. Qd2 Qc6 19. b4 Nb7 20. Ne4 Bxb2
21. Qxb2 h6 22. Rd4 Rac8 23. Nd2 Rc7 24. Nb3 Rdc8 1/2-1/2

[Event "4NCL/Div2/SLOS1 vs. KHE"]
[Site "West Bromwich ENG"]
[Date "2005.04.30"]
[Round "9.6"]
[White "Lewis, Alex"]
[Black "Muir, Andrew J"]
[Result "0-1"]
[WhiteElo "2145"]
[BlackElo "2322"]
[PlyCount "78"]
[EventDate "2005.04.30"]
[SourceDate "2004.09.21"]

1. e4 c5 2. Nf3 Nc6 3. d4 cxd4 4. Nxd4 Nf6 5. Nc3 d6 6. Bc4 e6 7. Be3 Be7 8.
Qe2 a6 9. O-O-O Qc7 10. Bb3 Na5 11. g4 b5 12. g5 Nxb3+ 13. axb3 Nd7 14. Nf5
exf5 15. Nd5 Qd8 16. exf5 Bb7 17. Rhe1 Bxd5 18. Rxd5 O-O 19. f6 Nxf6 20. gxf6
Bxf6 21. Qd2 Qc7 22. Rxd6 Rfd8 23. Rd1 Qxd6 24. Qxd6 Rxd6 25. Rxd6 Be5 26. Rd7
Bxh2 27. c4 Rc8 28. c5 h5 29. Kd2 Be5 30. Ra7 Rc6 31. Rb7 h4 32. Re7 f6 33. Ke2
h3 34. Kf3 Kh7 35. b4 Kg6 36. Re8 Kf5 37. Ke2 g5 38. f3 Re6 39. Rxe6 h2 0-1

[Event "4NCL/Div2/SLOS1 vs. KHE"]
[Site "West Bromwich ENG"]
[Date "2005.04.30"]
[Round "9.7"]
[White "Weber, Tom"]
[Black "Wittmann, Jochen"]
[Result "1-0"]
[WhiteElo "2211"]
[BlackElo "2150"]
[PlyCount "49"]
[EventDate "2005.04.30"]
[SourceDate "2004.09.21"]

1. e4 e5 2. Nf3 Nc6 3. Nc3 Bc5 4. Nxe5 Nxe5 5. d4 Bd6 6. dxe5 Bxe5 7. Bd3 Nf6
8. Bg5 h6 9. Bh4 g5 10. Bg3 Bxc3+ 11. bxc3 h5 12. h4 g4 13. e5 Nh7 14. O-O Nf8
15. f3 gxf3 16. Qxf3 Qe7 17. Rf2 Ne6 18. Raf1 c6 19. Qxf7+ Qxf7 20. Rxf7 b6 21.
Bg6 Kd8 22. Bf5 Ke8 23. Bxe6 dxe6 24. Rg7 Bd7 25. Rff7 1-0

[Event "4NCL/Div2/SLOS1 vs. KHE"]
[Site "West Bromwich ENG"]
[Date "2005.04.30"]
[Round "9.8"]
[White "Guthrie, David"]
[Black "Barraclough, Stephanie"]
[Result "1-0"]
[WhiteElo "2170"]
[BlackElo "1922"]
[PlyCount "71"]
[EventDate "2005.04.30"]
[SourceDate "2004.09.21"]

1. d4 Nf6 2. c4 g6 3. Nc3 Bg7 4. e4 d6 5. Be2 O-O 6. Nf3 e5 7. O-O Nc6 8. d5
Ne7 9. Nd2 Ne8 10. b4 f5 11. c5 f4 12. a4 g5 13. Ba3 Ng6 14. Nc4 Rf7 15. b5 Bf8
16. c6 b6 17. Bg4 Ng7 18. Bxc8 Qxc8 19. f3 h5 20. a5 g4 21. Bb4 Rb8 22. axb6
axb6 23. Ra7 Ne8 24. Kh1 Rg7 25. Rg1 Nh4 26. Nd2 Be7 27. Qf1 Kh8 28. Ne2 Ra8
29. Rxa8 Qxa8 30. g3 fxg3 31. Nxg3 gxf3 32. Nxh5 Rh7 33. Nxf3 Rf7 34. Qh3 Rf8
35. Nxh4 Qa4 36. Ng6+ 1-0

[Event "4NCL/Div2/WWKS1 vs. BRI2"]
[Site "West Bromwich ENG"]
[Date "2005.04.30"]
[Round "9.1"]
[White "Wu, Li"]
[Black "Dilleigh, Stephen P"]
[Result "1/2-1/2"]
[WhiteElo "2262"]
[BlackElo "2161"]
[PlyCount "68"]
[EventDate "2005.04.30"]
[SourceDate "2004.09.21"]

1. d4 d5 2. c4 c6 3. Nf3 Nf6 4. Nc3 dxc4 5. a4 Bf5 6. Ne5 Nbd7 7. Nxc4 Nb6 8.
Ne5 a5 9. g3 e6 10. Bg2 Bb4 11. O-O h6 12. e4 Bh7 13. Be3 O-O 14. f3 Nfd7 15.
Nxd7 Nxd7 16. f4 Qe7 17. Re1 Rfd8 18. Qe2 Nf6 19. Bf2 Rac8 20. Rad1 Re8 21. h3
Nd7 22. Kh2 Kh8 23. Qc4 Nb6 24. Qb3 c5 25. Re2 cxd4 26. Bxd4 Nd7 27. e5 Nc5 28.
Bxc5 Qxc5 29. Rd7 Rc7 30. Rxc7 Qxc7 31. Nb5 Qc1 32. Rf2 b6 33. Nd6 Rf8 34. Rf1
Qc2 1/2-1/2

[Event "4NCL/Div2/WWKS1 vs. BRI2"]
[Site "West Bromwich ENG"]
[Date "2005.04.30"]
[Round "9.2"]
[White "Collier, David O"]
[Black "Hynes, Anthony"]
[Result "0-1"]
[WhiteElo "2130"]
[BlackElo "2247"]
[PlyCount "66"]
[EventDate "2005.04.30"]
[SourceDate "2004.09.21"]

1. d4 Nf6 2. Bg5 g6 3. Bxf6 exf6 4. g3 Bg7 5. Bg2 O-O 6. e3 d6 7. Ne2 Nc6 8.
O-O Bf5 9. c4 Qd7 10. Nf4 Ne7 11. Nc3 c6 12. e4 g5 13. Nh5 Bg4 14. Bf3 Bxh5 15.
Bxh5 f5 16. Bf3 g4 17. Be2 fxe4 18. Bxg4 f5 19. Bh3 d5 20. c5 b6 21. cxb6 axb6
22. Ne2 c5 23. Qd2 Nc6 24. dxc5 bxc5 25. Nc3 Nd4 26. Kh1 Qc6 27. f4 exf3 28.
Qg5 Rae8 29. Rae1 Ne6 30. Qh5 d4 31. Bxf5 Rxf5 32. Qxf5 dxc3 33. bxc3 f2+ 0-1

[Event "4NCL/Div2/WWKS1 vs. BRI2"]
[Site "West Bromwich ENG"]
[Date "2005.04.30"]
[Round "9.3"]
[White "Thomas, Nicholas"]
[Black "Sasot Samplon, Eloy"]
[Result "1-0"]
[WhiteElo "2216"]
[BlackElo "2141"]
[PlyCount "58"]
[EventDate "2005.04.30"]
[SourceDate "2004.09.21"]

1. e4 Nf6 2. e5 Nd5 3. d4 d6 4. c4 Nb6 5. exd6 cxd6 6. Nc3 g6 7. Be3 Bg7 8. Rc1
O-O 9. b3 Nc6 10. d5 Ne5 11. Be2 a5 12. f4 Ned7 13. Nf3 Nc5 14. O-O Re8 15. Bd4
Nbd7 16. Bxg7 Kxg7 17. Qd4+ Kg8 18. f5 gxf5 19. Ng5 e5 20. Qh4 Nf8 21. Bh5 h6
22. Bxf7+ Kg7 23. Bxe8 hxg5 24. Qh5 Qe7 25. Rce1 f4 26. Nb5 Ra6 27. h4 Nh7 28.
Qg6+ Kf8 29. hxg5 Qxg5 1-0

[Event "4NCL/Div2/WWKS1 vs. BRI2"]
[Site "West Bromwich ENG"]
[Date "2005.04.30"]
[Round "9.4"]
[White "Curtis, John"]
[Black "Shephard, Chris C W"]
[Result "1/2-1/2"]
[WhiteElo "2126"]
[BlackElo "2275"]
[PlyCount "32"]
[EventDate "2005.04.30"]
[SourceDate "2004.09.21"]

1. d4 g6 2. e4 c6 3. Nc3 d5 4. Nf3 Bg7 5. h3 dxe4 6. Nxe4 Nd7 7. Bc4 Ngf6 8.
Nxf6+ Nxf6 9. O-O O-O 10. Re1 b5 11. Bd3 a5 12. a4 b4 13. Qe2 Nd5 14. Bc4 Ra7
15. Ne5 Qd6 16. Bd2 Bf5 1/2-1/2

[Event "4NCL/Div2/WWKS1 vs. BRI2"]
[Site "West Bromwich ENG"]
[Date "2005.04.30"]
[Round "9.5"]
[White "Mason, Don"]
[Black "Chaplin, Peter"]
[Result "1/2-1/2"]
[WhiteElo "2255"]
[BlackElo "2051"]
[PlyCount "113"]
[EventDate "2005.04.30"]
[SourceDate "2004.09.21"]

1. e4 c5 2. Nf3 e6 3. c3 Qa5 4. Be2 d6 5. O-O Nf6 6. d3 Nc6 7. Nbd2 Be7 8. Re1
O-O 9. a3 Qc7 10. b4 d5 11. Bb2 dxe4 12. dxe4 Rd8 13. Qc2 Ne5 14. Nxe5 Qxe5 15.
Rad1 Qc7 16. b5 b6 17. e5 Nd7 18. Bd3 Nf8 19. c4 Bb7 20. Be4 Rd7 21. Bxb7 Qxb7
22. Qe4 Qxe4 23. Nxe4 Rad8 24. Rxd7 Rxd7 25. Kf1 Ng6 26. g3 Bd8 27. Ke2 Bc7 28.
f4 Ne7 29. Rd1 Rxd1 30. Kxd1 Nf5 31. Ke2 h5 32. Kf3 Kf8 33. h3 g6 34. a4 Ke7
35. g4 hxg4+ 36. hxg4 Nh6 37. Ba3 Kd7 38. Nf6+ Ke7 39. Ne4 Kd7 40. a5 Bd8 41.
a6 Kc7 42. Nd6 Be7 43. g5 Nf5 44. Nxf7 Bf8 45. Bc1 Bg7 46. Be3 Bf8 47. Bf2 Kc8
48. Kg4 Kc7 49. Nh8 Ne7 50. Kf3 Bg7 51. Nf7 Nf5 52. Nd6 Nxd6 53. exd6+ Kxd6 54.
Ke4 Bb2 55. Bg3 Kd7 56. Kd3 Bg7 57. Ke4 1/2-1/2

[Event "4NCL/Div2/WWKS1 vs. BRI2"]
[Site "West Bromwich ENG"]
[Date "2005.04.30"]
[Round "9.6"]
[White "Easton, Alex"]
[Black "Fishburne, Stewart K"]
[Result "1/2-1/2"]
[WhiteElo "2103"]
[BlackElo "2190"]
[PlyCount "38"]
[EventDate "2005.04.30"]
[SourceDate "2004.09.21"]

1. Nf3 g6 2. c4 Bg7 3. d4 d6 4. Nc3 Nd7 5. e4 e5 6. Be2 Ne7 7. O-O O-O 8. Be3
f5 9. exf5 gxf5 10. dxe5 f4 11. exd6 fxe3 12. dxe7 exf2+ 13. Rxf2 Qxe7 14. Qd5+
Kh8 15. Raf1 Nf6 16. Qe5 Be6 17. Ng5 Rae8 18. Nxe6 Qxe6 19. Qxe6 Rxe6 1/2-1/2

[Event "4NCL/Div2/WWKS1 vs. BRI2"]
[Site "West Bromwich ENG"]
[Date "2005.04.30"]
[Round "9.7"]
[White "Pitcher, John"]
[Black "Fish, Jonathan M"]
[Result "1/2-1/2"]
[WhiteElo "2180"]
[BlackElo "2022"]
[PlyCount "76"]
[EventDate "2005.04.30"]
[SourceDate "2004.09.21"]

1. e4 c5 2. Nc3 Nc6 3. Bb5 Nd4 4. Bc4 e6 5. Nf3 a6 6. Nxd4 cxd4 7. Ne2 b5 8.
Bb3 Qb6 9. O-O Bb7 10. d3 Nf6 11. Nf4 Bd6 12. Nh5 Nxh5 13. Qxh5 Qc5 14. Qxc5
Bxc5 15. Bd2 a5 16. a4 b4 17. Bf4 Ke7 18. Bg3 Rhf8 19. f3 f6 20. Kf2 Bd6 21.
Ke2 Rac8 22. Bf2 e5 23. g4 Bb8 24. Kd2 d5 25. Bg3 Rc5 26. Rae1 dxe4 27. fxe4
Bc8 28. g5 Rc6 29. gxf6+ gxf6 30. Bd5 Rc7 31. Rf2 Be6 32. Bxe6 Kxe6 33. b3 Rg7
34. Ref1 Bd6 35. Rf5 Rff7 36. Ke2 Rg6 37. Kf3 Bf8 38. Ke2 Bd6 1/2-1/2

[Event "4NCL/Div2/WWKS1 vs. BRI2"]
[Site "West Bromwich ENG"]
[Date "2005.04.30"]
[Round "9.8"]
[White "Mihajlova, Diana"]
[Black "Chevannes, Sabrina"]
[Result "0-1"]
[WhiteElo "1850"]
[BlackElo "2089"]
[PlyCount "41"]
[EventDate "2005.04.30"]
[SourceDate "2004.09.21"]

1. d4 Nf6 2. c4 c6 3. Nc3 d5 4. b3 Bf5 5. Nf3 e6 6. Bg5 Nbd7 7. Ne5 Bb4 8. Bd2
Nxe5 9. dxe5 Nd7 10. a3 Ba5 11. b4 Bc7 12. e3 Nxe5 13. Bc1 O-O 14. Be2 Qf6 15.
Bb2 Qg6 16. Qd2 dxc4 17. e4 Bxe4 18. Nxe4 Qxe4 19. Bxe5 Bxe5 20. Ra2 Rad8 21.
Qe3 0-1

[Event "4NCL/Div2/MIN1 vs. NWE2"]
[Site "West Bromwich ENG"]
[Date "2005.04.30"]
[Round "9.1"]
[White "Bellin, Robert"]
[Black "Kennaugh, Charles W"]
[Result "1/2-1/2"]
[WhiteElo "2397"]
[BlackElo "2281"]
[PlyCount "59"]
[EventDate "2005.04.30"]
[SourceDate "2004.09.21"]

1. Nf3 d5 2. b3 Bg4 3. Bb2 Nd7 4. e3 Ngf6 5. h3 Bh5 6. g4 Bg6 7. Nh4 e5 8. Nxg6
hxg6 9. Bg2 c6 10. Qe2 Bd6 11. d3 Qe7 12. a3 e4 13. Nd2 Be5 14. Bxe5 Qxe5 15.
d4 Qd6 16. f3 exf3 17. Qxf3 O-O 18. O-O Rae8 19. c4 Ne4 20. Nxe4 Rxe4 21. Qf2
Re7 22. cxd5 cxd5 23. Qf4 Qe6 24. Rac1 Nf6 25. Rc3 Ne4 26. Bxe4 Qxe4 27. Qxe4
Rxe4 28. Rf3 Re7 29. Rc5 Rd8 30. Kf2 1/2-1/2

[Event "4NCL/Div2/MIN1 vs. NWE2"]
[Site "West Bromwich ENG"]
[Date "2005.04.30"]
[Round "9.2"]
[White "Hague, Ben"]
[Black "Bae, Torstein"]
[Result "0-1"]
[WhiteElo "2264"]
[BlackElo "2273"]
[PlyCount "68"]
[EventDate "2005.04.30"]
[SourceDate "2004.09.21"]

1. e4 e5 2. f4 exf4 3. Bc4 Nf6 4. Nc3 c6 5. Bb3 d5 6. exd5 cxd5 7. d4 Bb4 8.
Nf3 Nc6 9. O-O Bg4 10. Bxf4 Bxc3 11. bxc3 Ne4 12. c4 dxc4 13. Bxc4 O-O 14. Bd3
Nc3 15. Qe1 Bxf3 16. Rxf3 Qxd4+ 17. Be3 Qe5 18. Qh4 Ne2+ 19. Kf2 g6 20. Rh3 h5
21. Re1 Ned4 22. g4 Rae8 23. gxh5 Nf5 24. Qg4 Nxe3 25. Rexe3 Qf6+ 26. Kg2 Ne5
27. Qg3 Nxd3 28. cxd3 Rxe3 29. Qxe3 Qc6+ 30. Rf3 Re8 31. Qf4 Re2+ 32. Kg3 Qe6
33. d4 gxh5 34. h3 Qg6+ 0-1

[Event "4NCL/Div2/MIN1 vs. NWE2"]
[Site "West Bromwich ENG"]
[Date "2005.04.30"]
[Round "9.3"]
[White "McFarland, Robert S"]
[Black "van der Linden, Lukas"]
[Result "0-1"]
[WhiteElo "2282"]
[BlackElo "2263"]
[PlyCount "128"]
[EventDate "2005.04.30"]
[SourceDate "2004.09.21"]

1. Nf3 Nf6 2. g3 b6 3. Bg2 Bb7 4. O-O g6 5. b3 Bg7 6. Bb2 O-O 7. c4 c5 8. Nc3
d6 9. Re1 Nbd7 10. Qc2 Rc8 11. Rad1 a6 12. Qb1 Qc7 13. e4 e5 14. Bh3 Rce8 15.
Nh4 Qd8 16. Ng2 Nb8 17. Qd3 Nc6 18. Nd5 Nd4 19. Bxd4 cxd4 20. Nxf6+ Bxf6 21. f4
h5 22. Qf3 Kg7 23. Re2 Rh8 24. f5 h4 25. g4 Bg5 26. Ne1 b5 27. d3 Qa5 28. Ng2
Bc8 29. Rf2 Ref8 30. Qe2 Bd7 31. Qc2 Rc8 32. Qb2 Rb8 33. Rc2 Qb6 34. Rf2 Rhc8
35. Qe2 a5 36. Kh1 a4 37. Kg1 Ra8 38. Kf1 axb3 39. axb3 Ra3 40. Qb2 Rca8 41.
Qc2 bxc4 42. Qxc4 Qxb3 43. Qxb3 Rxb3 44. Ne1 Rba3 45. Rb2 Kh6 46. Bg2 Bd8 47.
Bf3 Bc6 48. Be2 Ra2 49. Rxa2 Rxa2 50. Nf3 Rc2 51. Rb1 gxf5 52. gxf5 Bf6 53. Ne1
Rc3 54. Rb6 Kg7 55. Bf3 Rc1 56. Ke2 Bd8 57. Rb2 Ba5 58. Nc2 Bc3 59. Ra2 Be8 60.
Na3 Ba4 61. Kf2 Bb3 62. Re2 Rd1 63. Nc4 Rxd3 64. Nxd6 Bd1 0-1

[Event "4NCL/Div2/MIN1 vs. NWE2"]
[Site "West Bromwich ENG"]
[Date "2005.04.30"]
[Round "9.4"]
[White "Carleton, John J"]
[Black "Radovanovic, Jovica"]
[Result "1-0"]
[WhiteElo "2284"]
[BlackElo "2340"]
[PlyCount "83"]
[EventDate "2005.04.30"]
[SourceDate "2004.09.21"]

1. d4 Nf6 2. c4 g6 3. Nc3 Bg7 4. e4 O-O 5. Nf3 d6 6. Be2 e5 7. O-O Qe8 8. dxe5
dxe5 9. Be3 b6 10. Nd5 Na6 11. Nd2 Nd7 12. Qa4 Bb7 13. b4 c6 14. Nc3 Nc7 15.
Rfd1 Ne6 16. Nb3 Qe7 17. c5 b5 18. Qa5 f5 19. Rd6 Nf6 20. f3 fxe4 21. Nxe4 Nxe4
22. fxe4 Nd4 23. Bd3 Bf6 24. Qa3 Bg5 25. Qc1 Bxe3+ 26. Qxe3 Rad8 27. Nxd4 exd4
28. Qxd4 Bc8 29. Bc2 Be6 30. Rd1 Rxd6 31. cxd6 Qf7 32. Bb3 Bxb3 33. axb3 Qxb3
34. d7 Rd8 35. Qd6 Qe3+ 36. Kh1 Qxe4 37. Qc7 Qe7 38. Qxc6 Qxb4 39. Qe6+ Kg7 40.
Rf1 Qc4 41. Rf7+ Kh6 42. Qh3+ 1-0

[Event "4NCL/Div2/MIN1 vs. NWE2"]
[Site "West Bromwich ENG"]
[Date "2005.04.30"]
[Round "9.5"]
[White "Kenworthy, Gary"]
[Black "Charleshouse, Glenn L"]
[Result "0-1"]
[WhiteElo "2301"]
[BlackElo "2212"]
[PlyCount "96"]
[EventDate "2005.04.30"]
[SourceDate "2004.09.21"]

1. e4 c5 2. Nf3 e6 3. d4 cxd4 4. Nxd4 Nf6 5. Nc3 d6 6. f4 Nc6 7. Be3 Be7 8. Qd2
O-O 9. O-O-O a6 10. Be2 Qc7 11. g4 Nd7 12. g5 Nxd4 13. Bxd4 Re8 14. h4 b5 15.
g6 fxg6 16. h5 b4 17. Na4 Rb8 18. hxg6 h6 19. b3 Bb7 20. Bc4 d5 21. exd5 exd5
22. Bd3 Bf6 23. Bxf6 Nxf6 24. Rhe1 a5 25. Kb1 Rbd8 26. f5 Ne4 27. Bxe4 dxe4 28.
Qe3 Rxd1+ 29. Rxd1 Qe5 30. Qc5 Qxc5 31. Nxc5 Bc8 32. Nxe4 Bxf5 33. Nd6 Rd8 34.
Rf1 Bxc2+ 35. Kxc2 Rxd6 36. Rf5 Rxg6 37. Rxa5 Rb6 38. Kd3 Kh7 39. Kc4 g5 40. a3
bxa3 41. Rxa3 g4 42. b4 h5 43. Kc5 Rb8 44. b5 Kg6 45. b6 h4 46. Kc6 g3 47. b7
Kf5 48. Ra8 Rxb7 0-1

[Event "4NCL/Div2/MIN1 vs. NWE2"]
[Site "West Bromwich ENG"]
[Date "2005.04.30"]
[Round "9.6"]
[White "Hulmes, David I"]
[Black "Richards, Heather"]
[Result "1/2-1/2"]
[WhiteElo "2206"]
[BlackElo "2183"]
[PlyCount "55"]
[EventDate "2005.04.30"]
[SourceDate "2004.09.21"]

1. e4 e6 2. d4 d5 3. Nd2 Be7 4. Bd3 c5 5. dxc5 Nf6 6. Qe2 O-O 7. Ngf3 a5 8. a4
Na6 9. e5 Nd7 10. Nb3 Naxc5 11. Nxc5 Nxc5 12. O-O f6 13. Be3 Nxd3 14. Qxd3 fxe5
15. Nxe5 Bd6 16. Bd4 Qg5 17. Qe3 Qxe3 18. fxe3 Rxf1+ 19. Rxf1 Bxe5 20. Bxe5 Bd7
21. Rf4 Rc8 22. Bc3 Rc4 23. Rxc4 dxc4 24. b3 cxb3 25. cxb3 Bc6 26. Bxa5 Bd5 27.
b4 Bb3 28. Kf2 1/2-1/2

[Event "4NCL/Div2/MIN1 vs. NWE2"]
[Site "West Bromwich ENG"]
[Date "2005.04.30"]
[Round "9.7"]
[White "Muter, Donny"]
[Black "Coates, Kenneth G"]
[Result "1/2-1/2"]
[WhiteElo "2118"]
[BlackElo "2197"]
[PlyCount "42"]
[EventDate "2005.04.30"]
[SourceDate "2004.09.21"]

1. d4 d5 2. Nf3 Nf6 3. c4 c6 4. e3 g6 5. Qb3 Bg7 6. cxd5 cxd5 7. Bb5+ Nbd7 8.
Ne5 O-O 9. Nxd7 Bxd7 10. Nc3 Bxb5 11. Qxb5 Qd6 12. Qd3 Rac8 13. Bd2 Rfd8 14.
O-O Ng4 15. f4 f5 16. Rfc1 Nf6 17. Rc2 e6 18. Rac1 Qb8 19. Be1 Rc6 20. Bh4 Rdc8
21. Bxf6 Bxf6 1/2-1/2